<?xml version="1.0" encoding="UTF-8"?>
<record
    xmlns:xsi="http://www.w3.org/2001/XMLSchema-instance"
    xsi:schemaLocation="http://www.loc.gov/MARC21/slim http://www.loc.gov/standards/marcxml/schema/MARC21slim.xsd"
    xmlns="http://www.loc.gov/MARC21/slim">

  <leader>03841nam a2200313 a 4500</leader>
  <controlfield tag="001">BRCA_3349</controlfield>
  <controlfield tag="005">20190320204234.0</controlfield>
  <controlfield tag="008">260309s1888----enk#---###---#000-0#eng-#</controlfield>
  <datafield tag="041" ind1=" " ind2=" ">
    <subfield code="a">eng</subfield>
  </datafield>
  <datafield tag="044" ind1=" " ind2=" ">
    <subfield code="a">enk</subfield>
  </datafield>
  <datafield tag="084" ind1=" " ind2=" ">
    <subfield code="a">643</subfield>
    <subfield code="b">.Q37</subfield>
    <subfield code="c">1888</subfield>
  </datafield>
  <datafield tag="100" ind1="1" ind2=" ">
    <subfield code="a">Cervantes Saavedra, Miguel de</subfield>
    <subfield code="d">1547-1616</subfield>
    <subfield code="9">213</subfield>
  </datafield>
  <datafield tag="245" ind1="1" ind2="0">
    <subfield code="a">The Ingenious Gentleman Don Quixote of la Mancha</subfield>
    <subfield code="c">By Miguel de Cervantes Saavedra; A New Edition done into English with Notes, Original and Selected and a New Life of the Author by Henry Edward Watts.</subfield>
  </datafield>
  <datafield tag="260" ind1=" " ind2=" ">
    <subfield code="a">Londres</subfield>
    <subfield code="b">Bernard Quaritch</subfield>
    <subfield code="c">1888</subfield>
  </datafield>
  <datafield tag="300" ind1=" " ind2=" ">
    <subfield code="a">5 v.</subfield>
    <subfield code="c">22 cm.</subfield>
  </datafield>
  <datafield tag="500" ind1=" " ind2=" ">
    <subfield code="a">Contenido : v.1. Prefacio. Introducci&#xF3;n. Vida de Cervantes. Ap&#xE9;ndices: A. Genealog&#xED;a de Miguel de Cervantes B. Extracto de la informaci&#xF3;n de Argel C. Bibliograf&#xED;a de ediciones del Quijote D. Libros de caballer&#xED;a E. Heine sobre Cervantes y Don Quijote, &#xED;ndice de nombres y apellidos de la introducci&#xF3;n y de la vida del autor. -- v.2. Primera parte. Dedicatoria y pr&#xF3;logo del autor. Versos preliminares. Notas al pie. Ap&#xE9;ndices: A. La Mancha B. Historia de Amad&#xED;s C. La familia de Amad&#xED;s D. El paso honroso de Suero de Qui&#xF1;ones. -- v.3. Primera parte. Texto. Notas al pie. Ap&#xE9;ndices: A. Cronolog&#xED;a de Don Quijote B. El mito de Rolando C. El Cid. -- v.4. Segunda parte. Introducci&#xF3;n del traductor. Aprobaci&#xF3;n de M&#xE1;rquez Torres. Dedicatoria y pr&#xF3;logo del autor. Notas al pie. Ap&#xE9;ndices: A. Dulcinea del Toboso B. El encantador Merl&#xED;n C. Refranes espa&#xF1;oles. -- v.5. Segunda parte. Texto. Notas al pie. Ap&#xE9;ndices: A. Carta de Cervantes al arzobispo de Toledo B. &#xCD;ndice alfab&#xE9;tico de los 5 tomos</subfield>
  </datafield>
  <datafield tag="500" ind1=" " ind2=" ">
    <subfield code="a">Traducci&#xF3;n de H. Edward Watts, hasta la fecha la mejor versi&#xF3;n inglesa del Quijote, tanto por su fluidez y elegancia como por su correcci&#xF3;n. Sirvi&#xF3;le de modelo la cuarta edici&#xF3;n de la Academia Espa&#xF1;ola (1819), con la excelente Vida de Cervantes escrita por Fern&#xE1;ndez de Navarrete. Quiz&#xE1; por ello adolece de los mismos errores: confunde la segunda edici&#xF3;n de Juan de la Cuesta, con la primera, igual al t&#xED;tulo de la segunda parte con el de la primera, y omite el escudo de la edici&#xF3;n pr&#xED;ncipe. La biograf&#xED;a de Cervantes, que comprende el volumen I, es la m&#xE1;s erudita que hasta entonces se ha escrito en ingl&#xE9;s. En ella supo escoger Watts todo lo investigado hasta su tiempo, y darle un giro muy atrayente (desde luego con los yerros tradicionales). Vease como se expresa: Este libro abrio una nueva era en el arte de la ficci&#xF3;n. Cervantes lo saco de su rom&#xE1;ntica vida, que hab&#xED;a sido una verdadera caballer&#xED;a andante... D. Quijote es un producto del genio mas admirable a&#xFA;n que cualquiera de los de Shakespeare, aisladamente tomados; es un tipo m&#xE1;s original, m&#xE1;s raro y m&#xE1;s individual que niguna de las figuras de la m&#xE1;s numerosa galer&#xED;a de retratos Shakespeareanos. La vida de Cervantes va seguida de interesantes ap&#xE9;ndices: genealog&#xED;a de Cervantes, extracto de la informaci&#xF3;n de Argel; bibliograf&#xED;a de ediciones de Quijote; de libros de caballer&#xED;a; juicio de Heine sobre el Quijote y Cervantes, etc. La parte tip&#xF3;grafica est&#xE1; a la altura de su alto valor cient&#xED;fico-human&#xED;stico, ya que est&#xE1; primorosamente impresa en papel de hilo. Semipiel; lomos y planos decorados con dorados. Edici&#xF3;n numerada; este ejemplar lleva el n&#xFA;mero 144 L&#xFA;dovik Osterc</subfield>
  </datafield>
  <datafield tag="500" ind1=" " ind2=" ">
    <subfield code="a">Con ex-libris de : John W. Hughes</subfield>
  </datafield>
  <datafield tag="500" ind1=" " ind2=" ">
    <subfield code="a">QM486</subfield>
  </datafield>
  <datafield tag="546" ind1=" " ind2=" ">
    <subfield code="a">Texto en : ingl&#xE9;s</subfield>
  </datafield>
  <datafield tag="650" ind1="1" ind2="4">
    <subfield code="a">Novela espa&#xF1;ola</subfield>
    <subfield code="y">&#xC9;poca cl&#xE1;sica, 1500-1700</subfield>
    <subfield code="9">215</subfield>
  </datafield>
  <datafield tag="650" ind1="1" ind2="4">
    <subfield code="a">Literatura espa&#xF1;ola</subfield>
    <subfield code="y">&#xC9;poca cl&#xE1;sica, 1500-1700</subfield>
    <subfield code="9">216</subfield>
  </datafield>
  <datafield tag="650" ind1="1" ind2="4">
    <subfield code="a">Novela espa&#xF1;ola</subfield>
    <subfield code="y">Siglo XVII</subfield>
    <subfield code="9">217</subfield>
  </datafield>
  <datafield tag="650" ind1="1" ind2="4">
    <subfield code="a">Don Quijote (Personaje ficticio)</subfield>
    <subfield code="e">Novela</subfield>
    <subfield code="9">218</subfield>
  </datafield>
  <datafield tag="700" ind1="1" ind2=" ">
    <subfield code="a">Watts, Henry Edward</subfield>
    <subfield code="d">1826-1904</subfield>
    <subfield code="e">Traductor</subfield>
    <subfield code="9">8837</subfield>
  </datafield>
  <datafield tag="740" ind1="0" ind2=" ">
    <subfield code="a">El Ingenioso Hidalgo Don Quijote de la Mancha</subfield>
  </datafield>
  <datafield tag="902" ind1=" " ind2=" ">
    <subfield code="a">QFM</subfield>
  </datafield>
  <datafield tag="942" ind1=" " ind2=" ">
    <subfield code="2">lcc</subfield>
    <subfield code="c">B</subfield>
  </datafield>
  <datafield tag="999" ind1=" " ind2=" ">
    <subfield code="c">3085</subfield>
    <subfield code="d">3085</subfield>
  </datafield>
  <datafield tag="952" ind1=" " ind2=" ">
    <subfield code="0">0</subfield>
    <subfield code="1">0</subfield>
    <subfield code="4">0</subfield>
    <subfield code="7">0</subfield>
    <subfield code="a">BRCA</subfield>
    <subfield code="b">BRCA</subfield>
    <subfield code="d">2009-03-26</subfield>
    <subfield code="i">QM486</subfield>
    <subfield code="l">0</subfield>
    <subfield code="o">643 .Q37 1888 (QM486)</subfield>
    <subfield code="p">3346</subfield>
    <subfield code="r">2019-03-22 00:00:00</subfield>
    <subfield code="w">2019-03-22</subfield>
    <subfield code="y">B</subfield>
  </datafield>
</record>
